000 00694nam a2200241 i 4500
001 C2-0312056
003 PPAK
005 20180728103903.0
008 110811s2005 my a|||| ||||| | may d
020 _a9830681513
040 _aPPAK
_beng
_cPPAK
_erda
082 0 4 _a332.1753
_223
090 0 0 _a332.1753
_bCHO
_dR
100 1 _aChoo, Howard,
_eauthor
245 1 0 _aPemberian pinjaman bank :
_bpenilaian dan pengerusan
264 1 _aSintok, Kedah :
_bUniversiti Utara Malaysia ,
_c2005
300 _aix, 197 pages :
_billustrations ;
_c25 cm
336 _2rdacontent
_atext
337 _2rdamedia
_aunmediated
338 _2rdacarrier
_avolume
650 1 0 _aBank loans
942 _ddc
_cB
999 _c114206
_d114206